| 000 | 01254nam a2200313 a 4500 | ||
|---|---|---|---|
| 001 | |||
| 003 | DO-SdBNP | ||
| 005 | 20220701104209.0 | ||
| 008 | 110331s1997 dr a 000 0 spa d | ||
| 040 |
_aDO-SdBNP _bspa _cBPMSU |
||
| 082 |
_a332.97293 _bJ94b 1997 _222 |
||
| 100 | 1 |
_aJulián, Amadeo _d1943- |
|
| 245 | 1 | 0 |
_aBancos, ingenios y esclavos en la época colonial / _cAmadeo Julián. |
| 260 |
_aSanto Domingo : _bBanco de Reservas de la República Dominicana, _c1997. |
||
| 300 |
_a373, [2] p. : _bil. ; _c24 cm. |
||
| 490 | 0 |
_aBanReservas ; _aHistoria _v4 |
|
| 500 | _aIncluye datos biográficos del autor en la solapa de la cubierta | ||
| 504 | _aIncluye referencias bibliográficas y notas al pie de las páginas. | ||
| 590 | _aInventariado, 2021/VM | ||
| 650 | 4 |
_aBancos _xHistoria _zRepública Dominicana _y1500-1930 |
|
| 650 | 4 |
_aEsclavitud en República Dominicana _xHistoria |
|
| 650 | 4 |
_aIndustria azucarera _zRepública Dominicana _xHistoria _y1500-1930 |
|
| 651 | 4 |
_aRepública Dominicana _xHistoria _yGobierno colonial español, 1511-1795 |
|
| 651 | 4 |
_aRepública Dominicana _xCondiciones Económicas _y1500-1930 |
|
| 710 | 2 | _aBanco de Reservas de la República Dominicana | |
| 830 | 0 |
_aHistoria _v4 |
|
| 910 | _aVMateo V. | ||
| 942 |
_2ddc _cBK |
||
| 999 |
_c13681 _d13681 |
||